Cultivos industriales /
Guardado en:
| Autor Principal: | |
|---|---|
| Otros Autores: | , , , , , , , , |
| Formato: | Libro |
| Publicado: |
Buenos Aires :
Uba,
2006
|
| Materias: | |
| Etiquetas: |
Agregar Etiqueta
Sin Etiquetas, Sea el primero en etiquetar este registro!
|
| LEADER | 02662nam a22003495a 4500 | ||
|---|---|---|---|
| 001 | CEM.cems017194 | ||
| 005 | 20111116144729.0 | ||
| 008 | 130507s2006##################000#0#####d | ||
| 003 | CEMS | ||
| 020 | |a 9502909542 | ||
| 082 | 0 | 4 | |a 633.8 |
| 100 | 1 | |a De La Fuente, Elba B. | |
| 245 | 1 | 0 | |a Cultivos industriales / |c Elba B. de La Fuente ... [et Al.] |
| 260 | |a Buenos Aires : |b Uba, |c 2006 | ||
| 300 | |a 800 p. | ||
| 505 | 0 | |a Importancia de los cultivos industriales / Diego F. Wassner, Pilar Villariño, Elba B. De La Fuente -- Cultivos productores de aceites / Liliana B. Windauer, Edmundo L. Ploschuk -- Soja / Adriana G. Kantolic, Elba B. De La Fuente, Patricia I. Giménez -- Girasol / Mónica López Pereira, Déborah Rondanini, Nora Trápani -- Colza / Nora V. Gómez, Daniel J. Miralles -- Lino / Patricia I. Giménez, Daniel M. Sorlino -- Lupino / Pilar Villariño, Daniel M. Sorlino -- Lesquerella / Edmundo L. Ploschuk, Liliana B. Windauer, Gerardo Cerdeiras -- Cultivos herbáceos productores de fibras / Daniel M. Sorlino -- Lino textil / Daniel M. Sorlino, María B. Agosti, Patricia I. Giménez -- Algodón / Mario Mondino -- Kenaf / María M. Brizuela, Nora V. Gómez, Lucía J. Saparnochia -- Cultivos productores de aceites esenciales / Alejandra Gil, Elba B. De La Fuente, Arnaldo Bandoni -- Coriandro / Alejandra Gil, Elba B. De La Fuente, Adriana E. Lenardis, Gerardo Cerdeiras -- Oregano / Adriana E. Lenardis, Alejandra Gil, Claudia Morvillo -- Cultivos productores de compuestos / Marcelo Wagner, Alberto Gumi, Daniel M. Sorlino -- Borraja y onagra / Daniel M. Sorlino, Antonio de Haro-Ballón, Liliana B. Windauer -- Cedrón / Alejandra Gil, Claudia Morvillo, Arnaldo Bandoni, Catalina van Baren, Paola Di Leo Lira -- Cultivos productores de ceras / Damián A. Ravetta, Gerardo M. Cerdeiras, Diego F. Wassner -- Jojoba / Diego F. Wassner, Damián A. Ravetta -- Cultivos resínferos / Fernando P. Cavagnano, Damián A. Ravetta, María C. Jaunarena, Diego F. Wassner -- Cultivos cauchíferos: guayule / Diego F. Wassner, Damián A. Ravetta | |
| 653 | |a Cultivos industriales | ||
| 653 | |a Productores aceites | ||
| 653 | |a Productores de fibras | ||
| 653 | |a Productores de compuestos | ||
| 653 | |a Productores de ceras | ||
| 653 | |a Cultivos cauchíferos | ||
| 700 | 1 | |a Gil, Alejandra | |
| 700 | 1 | |a Gimenez, Patricia I. | |
| 700 | 1 | |a Kantolic, Adriana G. | |
| 700 | 1 | |a López Pereira, Mónica | |
| 700 | 1 | |a Ploschuk, Edmundo L. | |
| 700 | 1 | |a Sorlino, Daniel M. | |
| 700 | 1 | |a Vilariño, María P. | |
| 700 | 1 | |a Wassner, Diego F. | |
| 700 | 1 | |a Windauer, Liliana B. | |
| 859 | |a CEMS |b BIB. CEMS - Agricultura |h 633.8 |i D372 |p A0931.09 |t Ej.1 | ||
